|
|
|
|
| LEADER |
00000naa2a2200000 4500 |
| 001 |
426041 |
| 005 |
20231101074502.0 |
| 035 |
|
|
|a (RuTPU)RU\TPU\prd\84715
|
| 035 |
|
|
|a RU\TPU\prd\28141
|
| 090 |
|
|
|a 426041
|
| 100 |
|
|
|a 20100628a2004 k y0rusy50 ca
|
| 101 |
0 |
|
|a rus
|
| 102 |
|
|
|a RU
|
| 200 |
1 |
|
|a Калибровочные источники (меры активности) γ-излучения на основе фоновой почвы
|f Е. А. Бураева, М. Г. Давыдов, С. А. Марескин
|
| 225 |
1 |
|
|a Статьи
|
| 320 |
|
|
|a Библиогр.: 14 назв.
|
| 461 |
|
1 |
|0 (RuTPU)RU\TPU\prd\33
|x 0004-7163
|t Атомная энергия
|o теоретический и научно-технический журнал
|f Российская академия наук ; Министерство РФ по атомной энергии, ядерного общества
|d 1956-
|
| 463 |
|
1 |
|0 (RuTPU)RU\TPU\prd\84704
|t Т. 96, вып. 3
|v с. 237-242
|d 2004
|
| 610 |
1 |
|
|a сыпучие источники
|
| 610 |
1 |
|
|a γ-излучение
|
| 610 |
1 |
|
|a калибровка
|
| 610 |
1 |
|
|a фоновая почва
|
| 610 |
1 |
|
|a счетная геометрия
|
| 610 |
1 |
|
|a аттестация
|
| 610 |
1 |
|
|a радионуклидный анализ
|
| 675 |
|
|
|a 539.122.17:621.039.535
|v 3
|
| 700 |
|
1 |
|a Бураева
|b Е. А.
|
| 701 |
|
1 |
|a Давыдов
|b М. Г.
|
| 701 |
|
1 |
|a Марескин
|b С. А.
|
| 801 |
|
1 |
|a RU
|b 63413507
|c 20040920
|g PSBO
|
| 801 |
|
2 |
|a RU
|b 63413507
|c 20100628
|g RCR
|
| 942 |
|
|
|c BK
|